Chaîne de lettres Pokémon 4g - Statistiques

Statistiques générales
  • Ce quiz a été pris 38 fois
  • Le résultat moyen est 11 sur 15
Statistiques - réponses
Hint Réponse % Correct
Évolution d'un Apitrini femelle Apireine
97%
Évolution de l'oiseau de la route 1 Étourvol
94%
Évolution de Yanma Yanmega
94%
Évolution du starter Plante Boskara
90%
Pokémon de Cynthia Carchacrok
90%
Géant endormi ayant créé 5 golem Regigigas
84%
Oiseau avec une frange rouge Étouraptor
81%
Contient 108 âmes Spiritomb
81%
Famille évolutive inspiré d'un miroir et d'une cloche Archéodong
71%
À évolué après un échange avec un protecteur Rhinastoc
71%
Pokémon de Flo, la championne de Vestigion Roserade
68%
Il peut être de la mer orient ou occident Tritosor
65%
Le dieu ultime (des CT) Keunotor
52%
Pseudo-légendaire Griknot
45%
Il peut voir à travers les murs Luxray
39%
Aucun quiz correspondant
Distribution des résultats
% des personnes avec chaque résultat
Percentile par nombre de réponses
Votre historique - résultats
Vous n’avez pas pris ce quiz